000 01075nam a22002531i 4500
003 SA_RiAUC
005 20250411131806.0
008 250317s1997____su g 000 pdara c
040 _aSA-JeALM
_bara
_cSA-RiAUC
_erda
082 0 4 _a811.062
090 _a811.062
_b ح م د
100 1 _aحمدي، فؤاد أمين،
_d1351 هجري-
_eمؤلف.
245 1 0 _aسيد ولد آدم :
_bديوان شعر /
_cفؤاد أمين حمدي.
264 1 _aمكة المكرمة :
_bدار الثقافة للطباعة،
_c1988
300 _a70 صفحة ؛
_c21 سم
336 _aنص
_btxt
_2rdacontent
_3كتاب
337 _aبدون وسيط
_bn
_2rdamedia
338 _aمجلد
_bnc
_2rdacarrier
600 0 7 _aمحمد (صلى الله عليه وسلم)،
_d53 قبل الهجرة-11 هجري
_vشعر
_2aucnm
650 7 _aالمدائح النبوية
_zالسعودية
_yقرن 14 هجري
_2aucsh
650 7 _aالشعر العربي الديني
_zالسعودية
_yقرن 14 هجري.
_2aucsh
942 _2ddc
_cBOOK
_n0
949 _aSA-JeALM
_d250317
_umohamedma123
_n1
999 _c6895
_d6895